Airlines that serve Shanghai-Pudong (PVG) - Statistics

General Stats
  • This quiz has been taken 16 times
  • The average score is 37 of 85
Answer Stats
Airline % Correct
Air China
83%
Air France
75%
American Airlines
75%
China Eastern Airlines
75%
China Southern Airlines
75%
Air Canada
67%
China Airlines
67%
Delta Air Lines
67%
Emirates
67%
EVA Air
67%
Hong Kong Airlines
67%
Japan Airlines
67%
Korean Air
67%
Lufthansa
67%
Singapore Airlines
67%
United Airlines
67%
Aeroflot
58%
AirAsia
58%
Air India
58%
Air New Zealand
58%
All Nippon Airways
58%
Asiana Airlines
58%
Beijing Capital Airlines
58%
British Airways
58%
Cathay Pacific
58%
Ethiopian Airlines
58%
Finnair
58%
Hainan Airlines
58%
Jeju Air
58%
Juneyao Air
58%
Qatar Airways
58%
Shanghai Airlines
58%
Shenzhen Airlines
58%
Sichuan Airlines
58%
Turkish Airlines
58%
Vietnam Airlines
58%
XiamenAir
58%
Cebu Pacific
50%
Chongqing Airlines
50%
KLM
50%
Malaysia Airlines
50%
Air Macau
42%
Austrian Airlines
42%
Garuda Indonesia
42%
Peach
42%
Philippine Airlines
42%
S7 Airlines
42%
Shandong Airlines
42%
Swiss International Air Lines
42%
Thai Airways International
42%
Tianjin Airlines
42%
VietJet Air
42%
9 Air
33%
China United Airlines
33%
Egyptair
33%
Hebei Airlines
33%
Mahan Air
33%
Spring Airlines
33%
Tibet Airlines
33%
Air Serbia
25%
Chengdu Airlines
25%
Donghai Airlines
25%
Gulf Air
25%
Jetstar Japan
25%
Loong Air
25%
Lucky Air
25%
MIAT Mongolian Airlines
25%
Rossiya Airlines
25%
Thai AirAsia
25%
Urumqi Air
25%
West Air
25%
AirAsia X
17%
Aurora
17%
Eastar Jet
17%
Kunming Airlines
17%
Qingdao Airlines
17%
Spring Japan
17%
Thai Lion Air
17%
Thai VietJet Air
17%
Himalaya Airlines
8%
Lao Airlines
8%
SCAT Airlines
8%
Sky Angkor Airlines
8%
Suparna Airlines
8%
TransNusa
8%
No matching quizzes found
Score Distribution
Percent of People with Each Score
Percentile by Number Answered
Your Score History
You have not taken this quiz